[Event "MPJ_D16"]
[Site "?"]
[Date "2016.03.13"]
[Round "1.10"]
[White "Kostecka, Marika"]
[Black "Kalinowska, Karolina"]
[Result "0-1"]
[BlackElo "1571"]
[WhiteElo "1775"]
[LiveChessVersion "1.4.8"]

1. e4 {[%clk 1:30:57]} e6 {[%clk 1:30:54]} 2. d4 {[%clk 1:31:15]} d5
{[%clk 1:31:18]} 3. Nc3 {[%clk 1:31:37]} Nf6 {[%clk 1:31:32]} 4. Bg5
{[%clk 1:31:30]} dxe4 {[%clk 1:31:53]} 5. Nxe4 {[%clk 1:31:47]} Be7
{[%clk 1:32:16]} 6. Bd3 {[%clk 1:28:50]} Nbd7 {[%clk 1:30:53]} 7. Bxf6
{[%clk 1:29:00]} Bxf6 {[%clk 1:30:39]} 8. Nf3 {[%clk 1:27:58]} O-O
{[%clk 1:29:19]} 9. Qe2 {[%clk 1:24:40]} Rb8 {[%clk 1:25:19]} 10. O-O-O
{[%clk 1:23:01]} b6 {[%clk 1:24:47]} 11. g4 {[%clk 1:07:07]} Bb7 {[%clk 1:23:39]}
12. h4 {[%clk 0:59:44]} c5 {[%clk 1:20:01]} 13. dxc5 {[%clk 0:50:01]} bxc5
{[%clk 1:18:19]} 14. c3 {[%clk 0:40:12]} Qb6 {[%clk 1:13:20]} 15. g5
{[%clk 0:36:52]} Be7 {[%clk 1:04:35]} 16. Rd2 {[%clk 0:34:41]} Bd5
{[%clk 0:57:28]} 17. Bc4 {[%clk 0:28:57]} Qb7 {[%clk 0:55:55]} 18. Bxd5
{[%clk 0:24:47]} exd5 {[%clk 0:56:14]} 19. Ng3 {[%clk 0:21:25]} Bd6
{[%clk 0:55:00]} 20. Kb1 {[%clk 0:19:24]} Nb6 {[%clk 0:54:17]} 21. Ka1
{[%clk 0:16:00]} Nc4 {[%clk 0:49:13]} 22. Nf5 {[%clk 0:13:14]} Nxd2
{[%clk 0:46:48]} 23. Qxd2 {[%clk 0:13:36]} Bf4 {[%clk 0:44:23]} 24. Qc2
{[%clk 0:12:19]} d4 {[%clk 0:43:25]} 25. g6 {[%clk 0:10:16]} Qxf3
{[%clk 0:34:46]} 26. gxh7+ {[%clk 0:09:43]} Kh8 {[%clk 0:35:05]} 27. Rg1
{[%clk 0:08:44]} Be5 {[%clk 0:30:01]} 28. Ne7 {[%clk 0:05:18]} d3
{[%clk 0:29:23]} 29. Qb1 {[%clk 0:05:27]} Bxc3 {[%clk 0:28:49]} 0-1

[Event "MPJ_D16"]
[Site "?"]
[Date "2016.03.13"]
[Round "1.11"]
[White "Trybowska, Barbara"]
[Black "Leczek, Weronika"]
[Result "1/2-1/2"]
[BlackElo "1766"]
[WhiteElo "1536"]
[LiveChessVersion "1.4.8"]

1. e4 {[%clk 1:30:59]} c5 {[%clk 1:30:52]} 2. Nf3 {[%clk 1:31:24]} Nc6
{[%clk 1:31:14]} 3. d4 {[%clk 1:31:47]} cxd4 {[%clk 1:31:37]} 4. Nxd4
{[%clk 1:32:09]} Nf6 {[%clk 1:31:50]} 5. Nc3 {[%clk 1:32:12]} d6 {[%clk 1:31:55]}
6. Be3 {[%clk 1:31:19]} g6 {[%clk 1:31:36]} 7. Bc4 {[%clk 1:29:34]} Bg7
{[%clk 1:31:06]} 8. h3 {[%clk 1:27:22]} O-O {[%clk 1:29:14]} 9. O-O
{[%clk 1:25:40]} a6 {[%clk 1:28:19]} 10. a3 {[%clk 1:22:00]} Qc7 {[%clk 1:25:24]}
11. Ba2 {[%clk 1:13:59]} Ne5 {[%clk 1:21:01]} 12. Nd5 {[%clk 1:08:24]} Nxd5
{[%clk 1:19:26]} 13. Bxd5 {[%clk 1:08:23]} Nc4 {[%clk 1:17:04]} 14. Bxc4
{[%clk 1:04:39]} Qxc4 {[%clk 1:17:25]} 15. Qd3 {[%clk 1:02:31]} Qc7
{[%clk 1:15:39]} 16. c3 {[%clk 1:00:08]} b5 {[%clk 1:13:11]} 17. Rac1
{[%clk 0:55:41]} Bb7 {[%clk 0:55:24]} 18. Rfd1 {[%clk 0:51:39]} Rac8
{[%clk 0:52:44]} 19. f3 {[%clk 0:44:38]} Rfd8 {[%clk 0:51:29]} 20. Qe2
{[%clk 0:41:51]} d5 {[%clk 0:48:55]} 21. exd5 {[%clk 0:40:45]} Bxd5
{[%clk 0:47:06]} 22. Bg5 {[%clk 0:34:09]} Qg3 {[%clk 0:36:29]} 23. Be3
{[%clk 0:17:32]} Be5 {[%clk 0:31:37]} 24. Qf2 {[%clk 0:16:57]} Qh2+
{[%clk 0:27:50]} 25. Kf1 {[%clk 0:17:22]} Bg3 {[%clk 0:25:11]} 26. Qg1
{[%clk 0:15:54]} Bc4+ {[%clk 0:23:57]} 27. Ne2 {[%clk 0:16:17]} Qxg1+
{[%clk 0:23:05]} 28. Bxg1 {[%clk 0:16:40]} Rxd1+ {[%clk 0:19:58]} 29. Rxd1
{[%clk 0:17:03]} Rc6 {[%clk 0:17:53]} 30. Bf2 {[%clk 0:09:29]} Be5
{[%clk 0:13:52]} 31. Rd8+ {[%clk 0:08:32]} Kg7 {[%clk 0:14:17]} 32. Bd4
{[%clk 0:08:24]} Re6 {[%clk 0:11:07]} 33. Bxe5+ {[%clk 0:08:02]} Rxe5
{[%clk 0:11:32]} 34. Rd2 {[%clk 0:08:22]} Kf6 {[%clk 0:09:32]} 35. Kf2
{[%clk 0:08:34]} Rd5 {[%clk 0:09:31]} 36. Rxd5 {[%clk 0:07:20]} Bxd5
{[%clk 0:09:59]} 37. Ke3 {[%clk 0:06:19]} Ke5 {[%clk 0:08:51]} 38. f4+
{[%clk 0:05:21]} Kd6 {[%clk 0:08:57]} 39. g4 {[%clk 0:04:19]} Kc5
{[%clk 0:03:46]} 40. g5 {[%clk 0:33:43]} Kc4 {[%clk 0:31:59]} 41. Nd4
{[%clk 0:33:23]} a5 {[%clk 0:30:49]} 42. h4 {[%clk 0:32:34]} f6 {[%clk 0:29:30]}
43. gxf6 {[%clk 0:29:20]} exf6 {[%clk 0:29:34]} 44. Kd2 {[%clk 0:29:34]} a4
{[%clk 0:29:22]} 45. Ne2 {[%clk 0:28:12]} h6 {[%clk 0:28:37]} 46. Ng3
{[%clk 0:26:22]} g5 {[%clk 0:28:02]} 47. hxg5 {[%clk 0:25:55]} hxg5
{[%clk 0:28:16]} 48. fxg5 {[%clk 0:24:08]} fxg5 {[%clk 0:28:42]} 49. Kc2
{[%clk 0:22:49]} Bf7 {[%clk 0:27:02]} 50. Kd2 {[%clk 0:22:14]} Bg6
{[%clk 0:27:22]} 51. Nf1 {[%clk 0:21:33]} g4 {[%clk 0:24:27]} 52. Ng3
{[%clk 0:21:44]} Kb3 {[%clk 0:24:19]} 53. Kc1 {[%clk 0:22:07]} Be8
{[%clk 0:23:18]} 54. Nf1 {[%clk 0:22:04]} Bc6 {[%clk 0:22:07]} 55. Ng3
{[%clk 0:21:50]} Bf3 {[%clk 0:20:40]} 56. Nf1 {[%clk 0:21:47]} Kc4
{[%clk 0:18:10]} 57. Kd2 {[%clk 0:22:09]} Kd5 {[%clk 0:18:13]} 58. Ke3
{[%clk 0:22:30]} Ke6 {[%clk 0:17:49]} 59. Nh2 {[%clk 0:22:48]} Bd1
{[%clk 0:17:37]} 60. Nf1 {[%clk 0:21:36]} Kf5 {[%clk 0:17:04]} 61. Kd2
{[%clk 0:20:04]} Bf3 {[%clk 0:17:12]} 62. Ke3 {[%clk 0:20:26]} Kg5
{[%clk 0:16:45]} 63. Ng3 {[%clk 0:20:43]} Kh4 {[%clk 0:14:14]} 64. Ke4 1/2-1/2

[Event "MPJ_D16"]
[Site "?"]
[Date "2016.03.13"]
[Round "1.12"]
[White "Szulc, Patrycja"]
[Black "Wojcik, Jagoda"]
[Result "0-1"]
[BlackElo "1510"]
[WhiteElo "1692"]
[LiveChessVersion "1.4.8"]

1. e4 {[%clk 1:30:57]} c5 {[%clk 1:30:54]} 2. Nf3 {[%clk 1:31:20]} Nc6
{[%clk 1:31:19]} 3. d4 {[%clk 1:31:42]} cxd4 {[%clk 1:31:45]} 4. Nxd4
{[%clk 1:32:04]} g6 {[%clk 1:31:41]} 5. c4 {[%clk 1:32:17]} Bg7 {[%clk 1:31:32]}
6. Be3 {[%clk 1:32:25]} d6 {[%clk 1:31:19]} 7. Nc3 {[%clk 1:29:48]} Nf6
{[%clk 1:30:31]} 8. Be2 {[%clk 1:29:10]} O-O {[%clk 1:30:13]} 9. O-O
{[%clk 1:28:32]} Bd7 {[%clk 1:27:00]} 10. Qd2 {[%clk 1:26:35]} Rc8
{[%clk 1:25:35]} 11. f4 {[%clk 1:19:17]} Nxd4 {[%clk 1:14:25]} 12. Bxd4
{[%clk 1:19:38]} Bc6 {[%clk 1:14:42]} 13. Bd3 {[%clk 1:19:57]} b6
{[%clk 1:12:36]} 14. Rae1 {[%clk 1:10:55]} Qd7 {[%clk 1:05:10]} 15. Nd5
{[%clk 0:58:29]} Bxd5 {[%clk 0:43:03]} 16. exd5 {[%clk 0:58:32]} Nh5
{[%clk 0:37:16]} 17. Bxg7 {[%clk 0:54:17]} Nxg7 {[%clk 0:37:42]} 18. Qe2
{[%clk 0:38:08]} e6 {[%clk 0:33:01]} 19. g4 {[%clk 0:34:09]} exd5
{[%clk 0:30:52]} 20. cxd5 {[%clk 0:34:29]} Rfe8 {[%clk 0:30:36]} 21. Qg2
{[%clk 0:34:26]} Rxe1 {[%clk 0:29:04]} 22. Rxe1 {[%clk 0:34:48]} Re8
{[%clk 0:25:53]} 23. Rc1 {[%clk 0:27:42]} Qa4 {[%clk 0:24:06]} 24. Qf2
{[%clk 0:16:17]} Qxa2 {[%clk 0:15:49]} 25. Qd4 {[%clk 0:14:02]} Qb3
{[%clk 0:14:18]} 26. f5 {[%clk 0:09:36]} gxf5 {[%clk 0:11:22]} 27. gxf5
{[%clk 0:09:56]} f6 {[%clk 0:08:41]} 28. Kh1 {[%clk 0:04:56]} Re5
{[%clk 0:06:17]} 29. Rc8+ {[%clk 0:02:18]} Kf7 {[%clk 0:06:05]} 30. Rc7+
{[%clk 0:02:36]} Re7 {[%clk 0:06:02]} 31. Rxe7+ {[%clk 0:01:27]} Kxe7
{[%clk 0:06:27]} 32. Kg1 {[%clk 0:01:40]} Qd1+ {[%clk 0:06:00]} 33. Kg2
{[%clk 0:01:58]} Qd2+ {[%clk 0:05:37]} 34. Kh3 {[%clk 0:01:42]} Qh6+
{[%clk 0:04:04]} 35. Kg2 {[%clk 0:00:57]} Qd2+ {[%clk 0:02:45]} 36. Kg1
{[%clk 0:01:07]} Qe1+ {[%clk 0:02:48]} 37. Kg2 {[%clk 0:01:24]} Kf7
{[%clk 0:02:04]} 38. Qc4 {[%clk 0:00:33]} Qd2+ {[%clk 0:01:45]} 39. Kh1
{[%clk 0:00:50]} Qe1+ {[%clk 0:01:15]} 40. Kg2 {[%clk 0:31:11]} Qd2+
{[%clk 0:31:40]} 41. Kh1 {[%clk 0:31:35]} Ne8 {[%clk 0:29:13]} 42. Qb5
{[%clk 0:29:06]} Qe1+ {[%clk 0:27:14]} 43. Kg2 {[%clk 0:29:28]} Qe7
{[%clk 0:27:32]} 44. Qa4 {[%clk 0:25:46]} Kf8 {[%clk 0:25:16]} 45. Qc4
{[%clk 0:24:08]} Qe5 {[%clk 0:24:10]} 46. b3 {[%clk 0:23:24]} Qe7
{[%clk 0:22:48]} 47. b4 {[%clk 0:16:21]} a5 {[%clk 0:21:10]} 48. bxa5
{[%clk 0:15:25]} bxa5 {[%clk 0:21:33]} 49. Qa4 {[%clk 0:14:38]} Qc7
{[%clk 0:21:34]} 50. Bb5 {[%clk 0:13:20]} Ng7 {[%clk 0:20:58]} 51. Qe4
{[%clk 0:12:00]} Qc5 {[%clk 0:20:12]} 52. Bc6 {[%clk 0:12:01]} Qb4
{[%clk 0:19:49]} 53. Kf3 {[%clk 0:07:43]} Qc3+ {[%clk 0:19:38]} 54. Kg4
{[%clk 0:07:27]} Qc1 {[%clk 0:18:18]} 55. Bd7 {[%clk 0:02:53]} Qc7
{[%clk 0:17:41]} 56. Bc6 {[%clk 0:02:45]} Qb6 {[%clk 0:17:43]} 57. Qc2
{[%clk 0:00:36]} Qd4+ {[%clk 0:17:06]} 58. Kf3 {[%clk 0:00:41]} Qe5
{[%clk 0:17:11]} 59. Bd7 {[%clk 0:00:39]} Qxd5+ {[%clk 0:17:15]} 60. Ke2
{[%clk 0:00:49]} Qg2+ {[%clk 0:17:17]} 61. Kd3 {[%clk 0:01:05]} Qxc2+
{[%clk 0:17:21]} 62. Kxc2 {[%clk 0:01:30]} Ke7 {[%clk 0:17:47]} 63. Bb5
{[%clk 0:01:39]} d5 {[%clk 0:17:35]} 64. Bd3 {[%clk 0:01:51]} Kd6
{[%clk 0:17:57]} 65. Kb3 {[%clk 0:02:14]} Ke5 {[%clk 0:18:20]} 66. Ka4
{[%clk 0:02:37]} Nxf5 {[%clk 0:18:42]} 67. Kxa5 {[%clk 0:02:55]} h6
{[%clk 0:19:02]} 68. Kb5 {[%clk 0:03:11]} Nh4 {[%clk 0:19:02]} 69. Kc5
{[%clk 0:03:18]} f5 {[%clk 0:19:09]} 70. Bf1 {[%clk 0:03:24]} f4 {[%clk 0:18:45]}
71. Kb4 {[%clk 0:03:23]} Kd4 {[%clk 0:18:44]} 72. Kb3 {[%clk 0:03:45]} Ke3
{[%clk 0:18:49]} 73. Kc2 {[%clk 0:04:07]} f3 {[%clk 0:19:07]} 74. Bd3
{[%clk 0:03:52]} f2 {[%clk 0:19:03]} 75. Bf1 {[%clk 0:04:06]} Nf3
{[%clk 0:19:27]} 76. h3 {[%clk 0:04:30]} Nh2 {[%clk 0:19:42]} 0-1

[Event "MPJ_D16"]
[Site "?"]
[Date "2016.03.13"]
[Round "1.13"]
[White "Trembowiecka-wysota, Aleksandra"]
[Black "Gredka, Dominika"]
[Result "0-1"]
[BlackElo "1690"]
[WhiteElo "1503"]
[LiveChessVersion "1.4.8"]

1. e4 {[%clk 1:30:28]} e5 {[%clk 1:30:46]} 2. Nf3 {[%clk 1:31:23]} d6
{[%clk 1:31:11]} 3. d4 {[%clk 1:31:46]} exd4 {[%clk 1:31:38]} 4. Nxd4
{[%clk 1:32:09]} Nf6 {[%clk 1:32:02]} 5. Nc3 {[%clk 1:32:27]} Be7
{[%clk 1:32:26]} 6. Bd3 {[%clk 1:31:28]} O-O {[%clk 1:31:34]} 7. O-O
{[%clk 1:31:41]} Re8 {[%clk 1:31:18]} 8. Re1 {[%clk 1:29:49]} Nbd7
{[%clk 1:29:47]} 9. Nf5 {[%clk 1:28:25]} Bf8 {[%clk 1:22:35]} 10. Bg5
{[%clk 1:22:14]} c6 {[%clk 1:16:13]} 11. f4 {[%clk 1:03:11]} Qb6+
{[%clk 0:48:01]} 12. Kh1 {[%clk 1:03:37]} Qxb2 {[%clk 0:47:35]} 13. Na4
{[%clk 1:03:23]} Qb4 {[%clk 0:42:15]} 14. c3 {[%clk 1:03:04]} Qa5
{[%clk 0:42:38]} 15. Nb2 {[%clk 0:46:05]} Qc7 {[%clk 0:32:31]} 16. Qf3
{[%clk 0:42:57]} h6 {[%clk 0:15:30]} 17. Bh4 {[%clk 0:43:04]} g6 {[%clk 0:15:17]}
18. Nd4 {[%clk 0:41:11]} Bg7 {[%clk 0:15:27]} 19. g4 {[%clk 0:39:29]} a6
{[%clk 0:11:42]} 20. g5 {[%clk 0:33:41]} hxg5 {[%clk 0:10:48]} 21. Bxg5
{[%clk 0:34:06]} c5 {[%clk 0:10:39]} 22. Nc2 {[%clk 0:33:31]} b5 {[%clk 0:09:38]}
23. c4 {[%clk 0:33:47]} Bb7 {[%clk 0:08:49]} 24. a4 {[%clk 0:32:32]} b4
{[%clk 0:08:47]} 25. Rab1 {[%clk 0:32:22]} Nf8 {[%clk 0:08:05]} 26. Bxf6
{[%clk 0:32:19]} Bxf6 {[%clk 0:08:28]} 27. Ne3 {[%clk 0:32:38]} Bg7
{[%clk 0:07:43]} 28. Nd5 {[%clk 0:29:41]} Qd8 {[%clk 0:08:04]} 29. Qg3
{[%clk 0:28:53]} Nd7 {[%clk 0:05:55]} 30. Nd1 {[%clk 0:22:54]} Nf6
{[%clk 0:05:06]} 31. Nf2 {[%clk 0:22:06]} Nh5 {[%clk 0:04:20]} 32. Qg4
{[%clk 0:20:10]} Nf6 {[%clk 0:03:39]} 33. Qg3 {[%clk 0:20:31]} Bc6
{[%clk 0:02:05]} 34. Bc2 {[%clk 0:17:58]} Rb8 {[%clk 0:02:12]} 35. Ng4
{[%clk 0:17:38]} Bxd5 {[%clk 0:01:23]} 36. exd5 {[%clk 0:17:26]} Nxg4
{[%clk 0:01:37]} 37. Qxg4 {[%clk 0:17:45]} Rxe1+ {[%clk 0:01:25]} 38. Rxe1
{[%clk 0:18:03]} Qf6 {[%clk 0:01:12]} 39. f5 {[%clk 0:16:40]} gxf5
{[%clk 0:01:03]} 40. Bxf5 {[%clk 0:46:53]} b3 {[%clk 0:31:17]} 41. Qe4
{[%clk 0:44:40]} Qe5 {[%clk 0:27:46]} 42. Qxe5 {[%clk 0:43:24]} Bxe5
{[%clk 0:28:10]} 43. Rb1 {[%clk 0:43:13]} b2 {[%clk 0:28:16]} 44. Kg2
{[%clk 0:42:59]} Rb4 {[%clk 0:28:40]} 45. Bd3 {[%clk 0:43:17]} Rxa4
{[%clk 0:28:57]} 46. h3 {[%clk 0:43:40]} Rb4 {[%clk 0:28:45]} 47. Kf2
{[%clk 0:43:53]} a5 {[%clk 0:29:10]} 48. Ke2 {[%clk 0:44:13]} a4 {[%clk 0:29:32]}
49. Kd2 {[%clk 0:44:29]} a3 {[%clk 0:29:56]} 50. Rg1+ {[%clk 0:44:47]} Kf8
{[%clk 0:30:09]} 51. Bb1 {[%clk 0:45:13]} Rxc4 {[%clk 0:30:22]} 52. Ba2
{[%clk 0:45:29]} Rd4+ {[%clk 0:30:07]} 53. Kc2 {[%clk 0:45:48]} f5
{[%clk 0:27:12]} 54. Rg5 {[%clk 0:45:41]} f4 {[%clk 0:26:27]} 55. h4
{[%clk 0:45:53]} Bf6 {[%clk 0:25:55]} 56. Rf5 {[%clk 0:45:51]} Kg7
{[%clk 0:25:54]} 57. h5 {[%clk 0:46:07]} Re4 {[%clk 0:25:37]} 58. Kd2
{[%clk 0:45:50]} Re5 {[%clk 0:24:49]} 59. h6+ {[%clk 0:45:06]} Kg6
{[%clk 0:25:14]} 60. Rxe5 {[%clk 0:45:30]} Bxe5 {[%clk 0:25:36]} 61. h7
{[%clk 0:45:45]} Kxh7 {[%clk 0:25:39]} 62. Kd3 {[%clk 0:45:54]} Kg6
{[%clk 0:25:57]} 63. Ke4 {[%clk 0:46:15]} Kg5 {[%clk 0:26:20]} 64. Kf3
{[%clk 0:46:35]} Bd4 {[%clk 0:26:11]} 0-1

[Event "MPJ_D16"]
[Site "?"]
[Date "2016.03.13"]
[Round "1.14"]
[White "Szelag, Zuzanna"]
[Black "Borkowska, Zuzanna"]
[Result "0-1"]
[BlackElo "1465"]
[WhiteElo "1688"]
[LiveChessVersion "1.4.8"]

1. e4 {[%clk 1:30:55]} c5 {[%clk 1:30:54]} 2. Nf3 {[%clk 1:31:20]} Nc6
{[%clk 1:31:18]} 3. d4 {[%clk 1:31:40]} cxd4 {[%clk 1:31:42]} 4. Nxd4
{[%clk 1:32:06]} g6 {[%clk 1:32:04]} 5. Nc3 {[%clk 1:32:32]} Bg7 {[%clk 1:32:29]}
6. Be3 {[%clk 1:32:48]} Nf6 {[%clk 1:32:50]} 7. Bc4 {[%clk 1:33:07]} O-O
{[%clk 1:33:03]} 8. Bb3 {[%clk 1:33:21]} a5 {[%clk 1:32:47]} 9. O-O
{[%clk 1:33:03]} a4 {[%clk 1:31:43]} 10. Nxa4 {[%clk 1:33:11]} Nxe4
{[%clk 1:31:58]} 11. Nb5 {[%clk 1:33:20]} d5 {[%clk 1:31:04]} 12. Bb6
{[%clk 1:27:05]} Qd7 {[%clk 1:29:52]} 13. Nc7 {[%clk 1:26:52]} Rxa4
{[%clk 1:20:04]} 14. Bxa4 {[%clk 1:24:12]} Bxb2 {[%clk 1:20:19]} 15. Qxd5
{[%clk 1:20:20]} Bxa1 {[%clk 1:19:17]} 16. Bxc6 {[%clk 1:17:42]} Qxc6
{[%clk 1:17:53]} 17. Qxc6 {[%clk 1:17:46]} bxc6 {[%clk 1:18:15]} 18. Rxa1
{[%clk 1:18:11]} Nc3 {[%clk 1:13:24]} 19. a4 {[%clk 1:13:20]} Nd5
{[%clk 1:12:29]} 20. Rb1 {[%clk 1:06:07]} Rd8 {[%clk 0:56:31]} 21. h3
{[%clk 1:04:15]} Rd7 {[%clk 0:53:34]} 22. Nxd5 {[%clk 1:04:25]} cxd5
{[%clk 0:52:16]} 23. a5 {[%clk 1:00:46]} e5 {[%clk 0:51:12]} 24. Rb3
{[%clk 0:53:11]} d4 {[%clk 0:49:09]} 25. Kh2 {[%clk 0:47:11]} f5 {[%clk 0:48:09]}
26. Rb4 {[%clk 0:38:17]} Kf7 {[%clk 0:43:52]} 27. Rc4 {[%clk 0:33:30]} Ba6
{[%clk 0:43:28]} 28. Rb4 {[%clk 0:26:58]} g5 {[%clk 0:37:40]} 29. Kg1
{[%clk 0:21:25]} h5 {[%clk 0:35:44]} 30. Bc5 {[%clk 0:18:59]} Rd5
{[%clk 0:34:02]} 31. Bb6 {[%clk 0:18:17]} Rb5 {[%clk 0:34:17]} 32. Rxb5
{[%clk 0:18:17]} Bxb5 {[%clk 0:34:42]} 33. f3 {[%clk 0:18:30]} Ke6
{[%clk 0:34:44]} 34. Kf2 {[%clk 0:17:28]} Kd5 {[%clk 0:34:58]} 35. Bd8
{[%clk 0:14:20]} g4 {[%clk 0:35:01]} 36. hxg4 {[%clk 0:13:46]} hxg4
{[%clk 0:35:18]} 37. fxg4 {[%clk 0:12:45]} fxg4 {[%clk 0:35:26]} 38. Ke1
{[%clk 0:12:40]} e4 {[%clk 0:35:08]} 39. Bb6 {[%clk 0:11:43]} Kc4
{[%clk 0:35:11]} 40. g3 {[%clk 0:40:34]} Kc3 {[%clk 1:04:37]} 41. Bc5
{[%clk 0:27:52]} e3 {[%clk 1:04:06]} 42. Bb6 {[%clk 0:26:24]} Ba4
{[%clk 1:03:59]} 43. a6 {[%clk 0:26:42]} Bxc2 {[%clk 1:04:21]} 44. Ba5+
{[%clk 0:26:26]} Kc4 {[%clk 1:04:36]} 45. Bb6 {[%clk 0:25:12]} Be4
{[%clk 1:04:03]} 46. a7 {[%clk 0:24:50]} Kd3 {[%clk 1:02:54]} 47. Bc5
{[%clk 0:24:49]} Ba8 {[%clk 1:02:50]} 48. Kd1 {[%clk 0:17:10]} Ke4
{[%clk 1:02:53]} 49. Bd6 {[%clk 0:09:43]} d3 {[%clk 1:02:40]} 50. Bf4
{[%clk 0:09:41]} Kf3 {[%clk 1:02:24]} 51. Ke1 {[%clk 0:08:22]} d2+
{[%clk 1:02:24]} 52. Kd1 {[%clk 0:08:48]} Kf2 {[%clk 1:02:17]} 0-1

[Event "MPJ_D16"]
[Site "?"]
[Date "2016.03.13"]
[Round "1.15"]
[White "Surpeta, Julia"]
[Black "Trusz, Julia"]
[Result "0-1"]
[BlackElo "1653"]
[WhiteElo "1339"]
[LiveChessVersion "1.4.8"]

1. d4 {[%clk 1:30:57]} d5 {[%clk 1:30:52]} 2. Nc3 {[%clk 1:31:17]} Nf6
{[%clk 1:31:08]} 3. Bg5 {[%clk 1:31:17]} Nbd7 {[%clk 1:31:22]} 4. Qd3
{[%clk 1:30:40]} c6 {[%clk 1:31:09]} 5. O-O-O {[%clk 1:25:34]} e6
{[%clk 1:29:20]} 6. e4 {[%clk 1:23:05]} dxe4 {[%clk 1:29:04]} 7. Nxe4
{[%clk 1:23:14]} Be7 {[%clk 1:29:22]} 8. Bxf6 {[%clk 1:19:52]} Nxf6
{[%clk 1:29:17]} 9. Nf3 {[%clk 1:17:22]} Qd5 {[%clk 1:27:28]} 10. Nc3
{[%clk 1:17:35]} Qa5 {[%clk 1:27:02]} 11. Kb1 {[%clk 1:16:40]} O-O
{[%clk 1:23:26]} 12. Nd2 {[%clk 1:15:08]} b5 {[%clk 1:17:48]} 13. Nb3
{[%clk 1:15:21]} Qb6 {[%clk 1:18:00]} 14. Be2 {[%clk 1:12:49]} a5
{[%clk 1:16:20]} 15. a4 {[%clk 1:11:25]} b4 {[%clk 1:10:41]} 16. Ne4
{[%clk 1:11:39]} Nd5 {[%clk 1:08:24]} 17. Nec5 {[%clk 1:11:17]} e5
{[%clk 1:06:36]} 18. Bf3 {[%clk 1:10:34]} exd4 {[%clk 1:02:53]} 19. Qxd4
{[%clk 1:10:26]} Rd8 {[%clk 1:02:55]} 20. Bxd5 {[%clk 1:10:19]} cxd5
{[%clk 0:59:47]} 21. Rhe1 {[%clk 1:04:39]} Bf6 {[%clk 0:59:09]} 22. Qe3
{[%clk 1:02:57]} Bf5 {[%clk 0:57:46]} 23. Rxd5 Bg6 {[%clk 0:56:02]} 24. Rxd8+
{[%clk 0:58:44]} Qxd8 {[%clk 0:56:15]} 25. Nb7 {[%clk 0:58:35]} Qc8
{[%clk 0:56:30]} 26. Re2 {[%clk 0:57:52]} h6 {[%clk 0:56:22]} 27. Nd6
{[%clk 0:56:12]} Qd7 {[%clk 0:55:28]} 28. Nc4 {[%clk 0:46:06]} Qd1+
{[%clk 0:53:50]} 29. Nc1 {[%clk 0:46:26]} Rc8 {[%clk 0:44:33]} 30. Rd2
{[%clk 0:44:11]} Qf1 {[%clk 0:43:18]} 31. Nd6 {[%clk 0:35:18]} Rd8
{[%clk 0:38:19]} 32. Ne4 {[%clk 0:33:55]} Bxe4 {[%clk 0:38:07]} 33. Rxd8+
{[%clk 0:34:16]} Bxd8 {[%clk 0:38:31]} 34. Qxe4 {[%clk 0:34:35]} Bg5
{[%clk 0:38:35]} 35. f4 {[%clk 0:31:02]} Bxf4 {[%clk 0:38:04]} 36. Qf5
{[%clk 0:31:16]} Qxc1+ {[%clk 0:33:40]} 37. Ka2 {[%clk 0:31:41]} b3+
{[%clk 0:32:54]} 38. cxb3 {[%clk 0:30:53]} Qc7 {[%clk 0:33:03]} 39. g3
{[%clk 0:31:11]} Be5 {[%clk 0:33:08]} 40. Qe4 {[%clk 0:59:20]} Bd6
{[%clk 1:02:59]} 41. Qd5 {[%clk 0:58:50]} Bf8 {[%clk 1:03:09]} 42. Qd2
{[%clk 0:58:27]} Qc5 {[%clk 1:03:02]} 43. h3 {[%clk 0:58:31]} Qb4
{[%clk 1:02:32]} 44. Qd5 {[%clk 0:58:02]} Bd6 {[%clk 0:58:24]} 45. g4
{[%clk 0:58:24]} Qc5 {[%clk 0:57:44]} 46. Qe4 {[%clk 0:58:14]} Qe5
{[%clk 0:57:44]} 47. Qc6 {[%clk 0:58:09]} Bb4 {[%clk 0:57:30]} 48. h4
{[%clk 0:58:18]} Qf4 {[%clk 0:57:23]} 49. Qg2 {[%clk 0:58:13]} Qd2
{[%clk 0:55:35]} 50. Qc6 {[%clk 0:57:54]} Qd3 {[%clk 0:52:49]} 51. g5
{[%clk 0:58:05]} hxg5 {[%clk 0:52:16]} 52. hxg5 {[%clk 0:58:29]} Qf5
{[%clk 0:52:31]} 53. Qg2 {[%clk 0:58:13]} Be7 {[%clk 0:50:59]} 54. g6
{[%clk 0:57:51]} fxg6 {[%clk 0:50:08]} 55. Qe2 {[%clk 0:58:06]} Bf8
{[%clk 0:50:05]} 56. Qc4+ {[%clk 0:58:28]} Kh7 {[%clk 0:50:09]} 57. Qh4+
{[%clk 0:58:50]} Qh5 {[%clk 0:50:32]} 58. Qf4 {[%clk 0:58:40]} Be7
{[%clk 0:50:28]} 59. Qe3 {[%clk 0:58:38]} Bf6 {[%clk 0:50:17]} 60. Qd2
{[%clk 0:58:49]} Qe5 {[%clk 0:46:16]} 61. b4 {[%clk 0:57:39]} Qd4
{[%clk 0:44:23]} 62. Qh2+ {[%clk 0:57:35]} Bh4 {[%clk 0:43:21]} 63. bxa5
{[%clk 0:57:32]} Qxa4+ {[%clk 0:43:42]} 64. Kb1 {[%clk 0:57:56]} Qe4+
{[%clk 0:41:48]} 65. Ka1 {[%clk 0:57:56]} Qe1+ {[%clk 0:42:06]} 66. Ka2
{[%clk 0:58:15]} Qxa5+ {[%clk 0:42:30]} 67. Kb1 {[%clk 0:58:33]} Qe1+
{[%clk 0:42:29]} 68. Ka2 {[%clk 0:58:56]} Qg3 {[%clk 0:42:11]} 69. Qc2
{[%clk 0:59:14]} Bf6 {[%clk 0:42:20]} 70. Qd2 {[%clk 0:58:28]} Qe5
{[%clk 0:42:14]} 71. Qc2 {[%clk 0:58:47]} Qxb2+ {[%clk 0:41:12]} 72. Qxb2
{[%clk 0:59:11]} Bxb2 {[%clk 0:41:38]} 73. Kxb2 {[%clk 0:59:32]} g5
{[%clk 0:41:55]} 74. Kc2 {[%clk 0:59:59]} Kg6 {[%clk 0:42:17]} 75. Kd3
{[%clk 1:00:24]} Kf5 {[%clk 0:42:30]} 76. Ke3 {[%clk 1:00:51]} Kg4
{[%clk 0:42:46]} 77. Kf2 {[%clk 1:01:17]} Kh3 {[%clk 0:43:07]} 78. Kg1
{[%clk 1:01:43]} g4 {[%clk 0:42:54]} 79. Kh1 {[%clk 1:02:04]} g3 {[%clk 0:43:18]}
80. Kg1 {[%clk 1:02:27]} g2 {[%clk 0:43:44]} 81. Kf2 {[%clk 1:02:52]} Kh2
{[%clk 0:44:10]} 0-1